000 00672nam a2200217 4500
001 72298
003 ES-MaACL
005 20251009191444.0
007 t|
008 040830s1979 sp ||||1| spa d
100 1 _aGimpel, Jean.
_957103
245 1 0 _aContra el arte y los artistas o El nacimiento de una religión /
_cJean Gimpel ; [traducción, Juana Bignozzi].
260 _a[Barcelona :
_bGedisa,
_c1979]
300 _a172 p. ;
_c20 cm.
490 1 _aLibertad y cambio
650 0 7 _aArte
_2embne
_910068
700 1 _aBignozzi, Juana,
_d1937-2015
_928843
830 0 _aLibertad y cambio
_9181448
852 _aES-MaACL
_jA-10864
_bR.99979
999 _c72298
_d72298